Cyclistes par description. #1 - Statistiques

Statistiques générales
  • Ce quiz a été pris 49 fois
  • Le résultat moyen est 13 sur 15
Statistiques - réponses
Descriptions Cyclistes % Correct
Je suis le nouveau prodige du vélo depuis 2020. Je cours comme un cadet, avec une spontanéité et une puissance qui semblent sans limites. Capable de gagner le Tour de France comme les plus grandes classiques (Lombardie, Liège, Flandres), je suis... Tadej Pogacar
98%
Je suis surnommé "Le Cannibale". Je suis considéré par mes paris comme le plus grand de tous les temps. J'ai tout gagné, tout le temps (5 Tours de France, Giro, Vuelta, Classiques). Je suis la légende de ce sport. Coureur belge, je suis... Eddy Merckx
96%
Je suis l'homme le plus dominant des années 2010. D'abord coéquipier modèle chez Sky, en tant que leader j'ai remporté 4 Tours de France entre 2013 et 2017. Un style atypique (souvent le nez sur son compteur) mais une efficacité redoutable en montagne et en chrono, portée par une équipe ultra-cadenassée. Je suis... Christopher Froome
93%
Je suis un pur grimpeur venu du Danemark. J'ai été le seul capable de rivaliser avec Pogačar en haute montagne grâce à mes capacités de récupération hors normes et une endurance hors du commun. Double vainqueur du Tour de France en 2022 et 2023. Je suis... Jonas Vingegaard
91%
Mon génie a été de transformer mes défaites en légende. En étant toujours "presque" là (8 podiums sur le Tour sans jamais porter le Maillot Jaune), je suis devenu plus populaire que ceux qui me battaient. "Eternel second", je suis... Raymond Poulidor
91%
J'ai en quelque sorte continué le cyclisme voulu par le coureur ci-dessus, notamment par mon panache. On m'appelle "El Pistolero" pour mon geste de célébration à l'arrivée des courses, mais aussi parce que j'attaquais là où on ne m'attendait pas (comme sur la Vuelta 2012, où je renverse la course lors d'une étape de transition toute plate). Je suis... Alberto Contador
87%
J'ai transformé l'image de ce sport. Avant moi, les coureurs étaient plutôt sérieux. J'ai apporté les lunettes de ski sur le podium, les réseaux sociaux et un pilotage issu du VTT. J'étais capable de frotter dans un sprint massif tout en franchissant des cols de deuxième catégorie. Vainqueur de 7 maillots verts sur le Tour de France, je suis... Peter Sagan
87%
J'incarne le contraste total avec le cyclisme moderne "aux données". Je courais plus à l'instinct et à l'émotion. Mes larmes lors de mon abandon sur le Tour 2019 alors que semblais être le plus fort, et mon "virage" mythique au Petit Ballon en 2023, font de moi l'idole d'une génération qui préfère la passion aux calculs. Je suis... Thibaut Pinot
87%
Je suis le plus grand coureur de mon pays. Surnommé "Le Blaireau". Un tempérament de feu et un patron autoritaire dans le peloton. Dernier Français vainqueur du Tour (5 fois), j'étais aussi redoutable dans la boue de Paris-Roubaix. Je suis... Bernard Hinault
84%
Mon début de carrière a été assez compliqué, notamment dû au cancer que j'ai eu. J'ai néanmoins dominé les années 2000, avec une préparation quasi militaire. Bien que mes 7 titres m'aient été retirés pour dopage, je reste une figure indissociable de l'histoire médiatique du sport. Je suis... Lance Armstrong
84%
Je suis un cycliste très complet, dominant sur les courses d'un jour. Petit-fils d'un grand coureur des années 1960, je brille par ma puissance brute et mon sens de l'attaque. Je suis le roi des classiques (Paris-Roubaix, Tour des Flandres) et du cyclo-cross. Je suis... Matthieu Van Der Poel
82%
Je suis le pionnier de la nouvelle vague colombienne. Je suis un pur grimpeur de poche, excellent en haute altitude, vainqueur du Giro et de la Vuelta. Un des principaux concurrents du coureur ci-dessus. Je suis... Nairo Quintana
80%
Je suis l'incarnation du panache français. J'ai réussi à concurrencer les meilleurs des années 2010. Je suis un coureur cérébral, calculateur, excellent descendeur, qui ai porté les espoirs tricolores sur le podium du Tour à plusieurs reprises. Je suis... Romain Bardet
80%
Le "Manx Missile". Contrairement à d'autres sprinteurs qui misent sur la force brute, j'ai toujours excellé par mon aérodynamisme (je baisse la tête très bas sur son guidon) et ma lecture incroyable des courants d'air dans les 200 derniers mètres. Je suis sans doute le meilleur sprinteur de tous les temps. Je suis... Mark Cavendish
71%
Je suis sans contestattion possible le roi du contre-la-montre. J'arrivais à gérer mes adversaires en montagne avant de les assommer lors des épreuves chronométrées. 5 Tours consécutifs glanés entre 1991 et 1995, je suis... Miguel Indurain
53%
Aucun quiz correspondant
Distribution des résultats
% des personnes avec chaque résultat
Percentile par nombre de réponses
Votre historique - résultats
Vous n’avez pas pris ce quiz